00658nam a2200205 a 4500008004100000020002200041100002200063245007100085260003100156300002700187504004100214500002000255650003800275650003500313650003100348650004600379003000100425005001700426040000900443  a0471371688 (pbk.)1 aBrawer, Robert A.10aFictions of business :binsights on management /cRobert A. Brawer aNew York :bWiley,cc1998. aviii, 248 p. ;c21 cm. aIncludes bibliographical references. aIncludes index. aManagement science in literature. aBusiness ethics in literature. aBusinessmen in literature. aEnglish literature-history and criticism.20230123133850.0 cNUST